000 00500nam a2200145Ia 4500
008 180921t1892 xxu||||| ||||o00| 0 eng d
041 _aeng
245 _aPapers Laid Before The Legislative Council of Ceylon During The Session of 1891 : Archaeological Survey of Ceylon.Anuradhapura.Third Progress Report,October To December,1890.
260 _c1892
300 _ap.183-190, 33 cm
500 _aSessional Paper xxxv-1891
942 _cBK
999 _c51537
_d51537
003 LK-CoDNM
040 _aLK-CoDNM
_dLK-CoDNM
_eLK-CoDNM